Statistics for Book by plot 2

Click here to take the quiz!

General Stats

  • This quiz has been taken 17 times
  • The average score is 5 of 15

Answer Stats

HintAnswer% Correct
Books burn at__________.Fahrenheit 451
71%
Guy gets stupid rich and throws wicked parties just cause he got cucked.The Great Gatsby
71%
Dildo gets a ring and goes adventuring.The Hobbit
64%
Santiago goes fishing.The Old Man and the Sea
57%
ALL POOR PEOPLE ARE STUPID, THE GOVERNMENT IS STUPID, I LOVE STRONG MAN THEORY.Atlas Shrugged
29%
Child gets taking into a slave facility where other children are punished for their cardinal sins.Charlie and the Chocolate Factory
29%
Maybe I shouldn't have killed that guy with an axe.Crime and Punishment
29%
Dumbass recounting of that kid who was obsessed with Thoreau and froze in a bus.Into the Wild
29%
Play about the passage of time in a lame ass town.Our Town
29%
Time travel, Dresden, and the war is bad hot take.Slaughter House 5
29%
KILL ALL MEN AND SEIZE THE MEANS OF PRODUCTIONThe Communist Manifesto
29%
Bugs bad, fascism good.Starship Troopers
21%
Dude looks at this Greek hero third book to the Iliad and Odyssey, definitively not satirical fan-fiction about a Roman Emperor.The Aeneid
21%
Maybe all oppressed people have common issues.Intersectionality
14%
One runs over kids the other hosts dinner parties.Dr Jekyll and Mr Hyde
7%

Score Distribution

Percentile by Number Answered

Percent of People with Each Score

Your Score History

You have not taken this quiz